000 01921cam a22002894a 4500
001 16257332
005 20220304154528.0
008 100528s2011 enk d 000 0 eng
010 _a2010022749
020 _a9780521880923 (hardback)
040 _aDLC
_cDLC
_dDLC
042 _apcc
245 0 4 _aThe Cambridge dictionary of Christian theology
_hElectronic resource] /
_cedited by Ian A. McFarland ... [et al.].
260 _aCambridge ;
_aNew York :
_bCambridge University Press,
_cc2011.
300 _a1 online resource (xxi, 549 p.) ;
_c26 cm.
336 _atext
337 _acomputer
338 _aonline resource
504 _aIncludes bibliographical references (p. 542-549).
505 8 _aMachine generated contents note: Acknowledgements; Preface; Entries; Sources cited; List of contributors.
520 _a"With over 550 entries ranging from Abba to Zwingli composed by leading contemporary theologians from around the world, The Cambridge Dictionary of Christian Theology represents a fresh, ecumenical approach to theological reference. Written with an emphasis on clarity and concision, all entries are designed to help the reader understand and assess the specifically theological significance of the most important concepts. Clearly structured, the volume is organized around a small number of 'core entries' which focus on key topics to provide a general overview of major subject areas, while making use of related shorter entries to impart a more detailed knowledge of technical terms. The work as a whole provides an introduction to the defining topics in Christian thought and is an essential reference point for students and scholars"--
650 0 _aTheology
_vDictionaries.
655 4 _aElectronic books
700 1 _aMcFarland, Ian A.
_q(Ian Alexander),
_d1963-
856 _uhttps://drive.google.com/file/d/1k3tvTdzZUc8CER7AtTWXwuCRYBzkvBdn/view?usp=sharing
942 _2lcc
_cEBK
999 _c51235
_d51235